=LDR 00000nam 2200000 4500 =001 INLIS000000000052678 =005 20180222124650 =035 ##$$a 0010-0218000374 =007 ta =008 180222###########################0###### =020 ##$$a 978-602-217-910-8 =082 ##$$a 510.07 =084 ##$$a 510.07 ASY m =100 #$$a Asyono =245 1#$$a Matematika SMP/MTS Kelas VIII /$c Asyono =260 ##$$a Jakarta :$b Bumi Aksara,$c 2016 =300 ##$$a xii, 282 hlm. : $b ilus, ; $c 27 cm. =650 ##$$a Matematika - Studi Dan Pengajaran =700 #$$a Editor, Yuni Kelbia =504 ##$$a Bibliografi : hlm. 275 =990 ##$$a 45834583 =990 ##$$a 45834583 =990 ##$$a 45834583 =990 ##$$a 45834583 =990 ##$$a 45834583 =990 ##$$a 21709686 =990 ##$$a 01201804583 =990 ##$$a 01201804584 =990 ##$$a 01201804585 =990 ##$$a 01201804586 =990 ##$$a 21709687 =990 ##$$a 01201804583 =990 ##$$a 01201804584 =990 ##$$a 01201804585 =990 ##$$a 21709686 =990 ##$$a 21709688 =990 ##$$a 01201804583 =990 ##$$a 01201804584 =990 ##$$a 21709687 =990 ##$$a 21709686 =990 ##$$a 21709689 =990 ##$$a 01201804583 =990 ##$$a 21709688 =990 ##$$a 21709687 =990 ##$$a 21709686 =990 ##$$a 21709690 =990 ##$$a 21709689 =990 ##$$a 21709688 =990 ##$$a 21709687 =990 ##$$a 21709686